Normal view
MARC view
- MEHWISH HASSAN
Entry Personal Name
001 - CONTROL NUMBER
- control field: 91244
003 - CONTROL NUMBER IDENTIFIER
- control field: NUST
005 - DATE AND TIME OF LATEST TRANSACTION
- control field: 20220427112647.0
008 - FIXED-LENGTH DATA ELEMENTS
- fixed length control field: 220427|| aca||aabn | a|a d
040 ## - CATALOGING SOURCE
- Original cataloging agency: NUST
- Transcribing agency: NUST
100 ## - HEADING--PERSONAL NAME
- Personal name: MEHWISH HASSAN
670 ## - SOURCE DATA FOUND
- Source citation: Work cat.: (NUST): MEHWISH HASSAN, TH-SOF-0641-A Reliable Event Response Framework For Wireless Sensor And Actor Networks, 2010.
